000 00720nam a22002417a 4500
003 UA-OsUOA
001 64949
007 ta
008 20091111b un ||||| |||| 00| 0 ukr d
090 _a821.161.2
_bХ73
942 _cBK
040 _aUA-OsUOA
_bukr
_cUA-OsUOA
_dUA-OsUOA
245 _aХолодний Яр
_bЧасопис Черкаської обласної організації НСПУ
_cГ. П. Білоус
300 _a320 с.
955 _a3
041 _aukr
080 _a821.161.2
020 _a966-693-088-9
260 _aЧеркаси
_bВідлуння-Плюс
_c2004
250 _n№4
650 7 _a82 Література. Літературознавство
_2UDC
999 _c351053
_d351053